00704nam a2200229Ia 450000500170000000800410001702000180005804100080007608200150008410000200009924500280011925000120014726000280015930000090018750000290019665000360022570000200026190600110028194200070029299900170029995201580031620251122104129.0230125s9999 xx 000 0 und d a9780753539477 aeng a158.1bACH aAchor S9215488 aThe Happiness Advantage a1st Ed. c2011bVirqin BooksaU K a236p aPersonality Development  aPersonality Development9213420 aAchor S9215488 b139.72 cBK c96175d96175 00104070aHIMRbHIMRd2020-01-02eForward Booksg499.00i11159l0o158.1 ACH B19296pHIMR-BK-19296r2023-01-25 00:00:00v359.28w2023-01-25yBKzB19296